Nor lose the common touch: the fight for the land (Record no. 3758)

MARC details
000 -LEADER
fixed length control field 01071cab a2200217 4500
001 - CONTROL NUMBER
control field ABS37696
008 - FIXED-LENGTH DATA ELEMENTS--GENERAL INFORMATION
fixed length control field 090401t1987 xxu||||| |||| 00| 0 eng d
035 ## - SYSTEM CONTROL NUMBER
System control number (Sirsi) u6248
041 ## - LANGUAGE CODE
Language code of text/sound track or separate title eng
100 ## - MAIN ENTRY--PERSONAL NAME
Personal name White, P.
245 ## - TITLE STATEMENT
Title Nor lose the common touch: the fight for the land
260 ## - PUBLICATION, DISTRIBUTION, ETC.
Date of publication, distribution, etc. 1987
350 ## - PRICE (NR) (BK AM CF MU VM SE) [OBSOLETE]
Price 0
490 ## - SERIES STATEMENT
Series statement Surveyor
Volume/sequential designation (Public Works Weekly) 168(4942) 30 April 1987, 12-
520 ## - SUMMARY, ETC.
Summary, etc. Since the closure of the Common Land Register in 1970, the amount of common land still left in England and Wales has gradually disappeared. The future, however, does not look so bleak after the Government responded favourably to the Common Land Forum report on safe-guarding common land. This article begins by reviewing the effectiveness of past legislation, before looking at how new legislation might effect the future of common land. Also considers the role of local authorities in establishing management schemes.
650 ## - SUBJECT ADDED ENTRY--TOPICAL TERM
Topical term or geographic name entry element COMMONS REGISTRATION ACT 1965
650 ## - SUBJECT ADDED ENTRY--TOPICAL TERM
Topical term or geographic name entry element COUNTRYSIDE COMMISSION
690 ## - LOCAL SUBJECT ADDED ENTRY--TOPICAL TERM (OCLC, RLIN)
Topical term or geographic name as entry element LAND
942 ## - ADDED ENTRY ELEMENTS (KOHA)
Suppress in OPAC 0
948 ## - LOCAL PROCESSING INFORMATION (OCLC); SERIES PART DESIGNATOR (RLIN)
c (OCLC) 04/03/1997
Holdings
Withdrawn status Lost status Source of classification or shelving scheme Damaged status Not for loan Home library Current library Shelving location Date acquired Total Checkouts Full call number Barcode Date last seen Copy number Price effective from Koha item type
    Dewey Decimal Classification     London London Journal article 14/09/1999   ABS37696 6248-1001 06/08/2019 1 06/08/2019 Journal article